000 01488cam a22003134i 4500
999 _c46684
_d46684
001 20333
003 CO-MdFUSB
005 20180622074838.0
008 180301t1991 xxu||||g |||| 00| 0 eng d
020 _a0-8006-2458-0
040 _aCO-MdFUSB
_bspa
_cCO-MdFUSB
_dCO-MdFUSB
_erda
041 _aeng
082 _224
_aG 232.09
_bD131j
100 1 _aDahl, Nils Alstrup
_eautor
242 1 0 _aJesús el Cristo
_b: los orígenes históricos de la doctrina cristológica
_lInglés
245 1 0 _aJesus the Christ
_b: The historical origins of christological doctrine
_c/ Nils Alstrup Dahl ; Editado por Donald H. Juel
264 1 _aMinneapolis, Minnesota :
_bFortress Press,
_c℗1991
264 4 _c©1991
300 _a249 páginas
_b:
_c24 cm.
336 _2rdacontent
_atexto
_btxt
337 _2rdamedia
_asin mediación
_bn
338 _2rdacarrier
_avolumen
_bnc
501 _aIncluye índice (p. 245-249)
505 0 0 _aEl mesianismo de Jesús en Pablo -- El Mesías crucificado -- Escatología y la historia a la luz de los textos de Qumrán -- El Mesías crucificado y las promesas en peligro de extinción -- El problema del Jesús histórico -- Fuentes del lenguaje cristológico -- La expiación : Una recompensa adecuada para el Akedah? -- El factor olvidado en la teología del Nuevo Testamento -- Los credos bautismales trinitarios y la cristología del Nuevo Testamento
563 _aPasta dura
650 7 _9239
_aCristología
942 _cBK